El seguro

Detalles Bibliográficos
Autor principal: Palacios Sǹchez, Fernando
Formato: eBook
Lenguaje:español
Publicado: Cha̕: Universidad de La Sabana, 2018
Edición:Segunda edicin̤
Materias:
Acceso en línea:Acceso restringido

MARC

LEADER 00000nam a22000007a 4500
005 20190806232719.0
007 cr|||| ||||
008 190806s2018 co |||||s|||| 00||0 spa d
020 |a 978-958-12-0451-9 
035 |a 23890 
040 |a vLex 
090 |c 9112  |d 9112 
100 1 |a Palacios Sǹchez, Fernando 
245 1 2 |a El seguro  |h [Recurso electrn̤ico] /  |c Fernando Palacios Sǹchez 
250 |a Segunda edicin̤ 
256 |a Servicio en ln̕ea 
260 |a Cha̕:  |b Universidad de La Sabana,  |c 2018 
300 |a 1 recurso electrn̤ico 
500 |a Causas y soluciones de los conflictos entre asegurados y aseguradores con ocasin̤ del siniestro. 
506 1 |a Disponible solo en los productos indicados  |d vLex Global  |d vLex Global (Academic Edition, excluding Law Schools)  |d vLex Global (U.S. Academic Edition, Law Schools)  |d vLex Global (U.S. Academic Edition, excluding Law Schools)  |d vLex Global (Academic Edition, Law Schools) 
650 0 4 |a Seguros  |z Colombia 
740 0 |a vLex Libros (Servicio en ln̕ea) 
856 4 0 |u http://vlex.com/source/seguro-23890  |z Acceso restringido 
942 |c BOOK 
999 0 |a Insurance